Film che iniziano per O - Statistics

Statistiche generali
  • Questo quiz è stato fatto 119 volte
  • Il punteggio medio è 5 su 15
Statistiche sulle risposte
Descrizione Film % Corretto
Durante la Seconda Guerra Mondiale, un fisico ha un ruolo fondamentale nel programma di ricerca e sviluppo di un'arma letale. Oppenheimer
85%
Una ragazzina destinata a diventare la capotribù della sua isola, intraprende un viaggio oltre la barriera corallina. Oceania
75%
Un orfano fugge dalla casa di accoglienza e si dirige a Londra sperando di trovare una vita migliore. Oliver Twist
67%
Un gruppo di adolescenti usano una speciale tavola per mettersi in contatto con una loro amica deceduta misteriosamente. Ouija
55%
Un astuto ladro ambisce a compiere il furto del secolo dunque recluta una squadra di esperti in ogni campo. Ocean's Eleven
51%
Cinque sorelle vivono in un villaggio rurale dell'Inghilterra di fine '700. Un giorno vi giunge un giovane ricco e scapolo. Orgoglio e Pregiudizio
38%
Un piccolo gattino, perso per le strade di New York, incontra un gruppo di cani che lo introduce alla vita da randagio. Oliver & Company
37%
Un uomo sudcoreano viene misteriosamente rapito e imprigionato in una cella per quindici anni senza alcuna spiegazione Old Boy
32%
Un generale veneziano di origine africana si sposa con una nobildonna bianca ed è vittima dei raggiri di un suo subordinato invidioso. Otello
31%
Una coppia adotta una bambina di nove anni. Col passare del tempo cominciano a notare comportamenti strani in lei. Orphan
26%
La storia di un giovane cresciuto in un rione popolare di Livorno. Ovosodo
22%
Un diplomatico, da quando ha adottato un bambino, vive eventi inquietanti e inspiegabili. Omen - Il presagio
12%
Un nobile inglese dell'era elisabettiana esplora diverse epoche storiche, trovandosi a confrontarsi con le limitazioni di genere. Orlando
6%
Un reggimento francese viene incaricato di un attacco suicida contro una trincea tedesca apparentemente impenetrabile. Orizzonti di gloria
5%
Un giornalista si ritrova coinvolto in un assassinio durante una trasmissione televisiva. Omicidio in diretta
4%
Nessun quiz corrispondente trovato
Distribuzione punteggi
Percentuale di utenti per punteggio
Percentile per numero di risposta
I tuoi punteggi nel tempo
Non hai fatto questo quiz